Апробация метода фотометрирования капельной пробы для оценки гематологических и имунных показателей организма; Современные техника и технологии; Т. 2
| Parent link: | Современные техника и технологии: сборник трудов XVI Международной научно-практической конференции студентов, аспирантов и молодых ученых, Томск, 12-16 апреля 2010 г/ Национальный исследовательский Томский политехнический университет (ТПУ).— , 2010 Т. 2.— 2010.— [С. 31-33] |
|---|---|
| Main Author: | |
| Other Authors: | , |
| Summary: | Заглавие с титульного листа Электронная версия печатной публикации |
| Language: | Russian |
| Published: |
2010
|
| Subjects: | |
| Online Access: | http://www.lib.tpu.ru/fulltext/c/2010/C01/V2/012.pdf |
| Format: | MixedMaterials Electronic Book Chapter |
| KOHA link: | https://koha.lib.tpu.ru/cgi-bin/koha/opac-detail.pl?biblionumber=232523 |
MARC
| LEADER | 00000nla2a2200000 4500 | ||
|---|---|---|---|
| 001 | 232523 | ||
| 005 | 20231226141443.0 | ||
| 035 | |a (RuTPU)RU\TPU\book\253575 | ||
| 035 | |a RU\TPU\book\253571 | ||
| 090 | |a 232523 | ||
| 100 | |a 20130214d2010 k y0rusy50 ca | ||
| 101 | 0 | |a rus | |
| 102 | |a RU | ||
| 105 | |a y z 101zy | ||
| 135 | |a drnn ---uucaa | ||
| 181 | 0 | |a i | |
| 182 | 0 | |a b | |
| 200 | 1 | |a Апробация метода фотометрирования капельной пробы для оценки гематологических и имунных показателей организма |f Е. В. Жогло, А. А. Аристов, А. С. Рафальский | |
| 203 | |a Текст |c электронный | ||
| 215 | |a 1 файл (176 Кб) | ||
| 300 | |a Заглавие с титульного листа | ||
| 300 | |a Электронная версия печатной публикации | ||
| 337 | |a Adobe Reader | ||
| 461 | 0 | |0 (RuTPU)RU\TPU\book\245271 |t Современные техника и технологии |o сборник трудов XVI Международной научно-практической конференции студентов, аспирантов и молодых ученых, Томск, 12-16 апреля 2010 г |o в 3 т. |f Национальный исследовательский Томский политехнический университет (ТПУ) |d 2010 | |
| 463 | 0 | |0 (RuTPU)RU\TPU\book\250479 |t Т. 2 |v [С. 31-33] |d 2010 |p [426 с.] | |
| 610 | 1 | |a труды учёных ТПУ | |
| 610 | 1 | |a электронный ресурс | |
| 610 | 1 | |a пробы | |
| 610 | 1 | |a фотометрирование | |
| 610 | 1 | |a гематология | |
| 610 | 1 | |a иммунитет | |
| 610 | 1 | |a методы оценки | |
| 610 | 1 | |a лабораторная практика | |
| 610 | 1 | |a организм человека | |
| 700 | 1 | |a Жогло |b Е. В. |c специалист в области электроники |c инженер Томского политехнического университета |f 1988- |g Екатерина Владимировна |3 (RuTPU)RU\TPU\pers\35586 | |
| 701 | 1 | |a Аристов |b А. А. |c специалист в области электроники |c доцент Томского политехнического университета, кандидат технических наук |f 1972- |g Александр Александрович |3 (RuTPU)RU\TPU\pers\29233 |9 13835 | |
| 701 | 1 | |a Рафальский |b А. С. | |
| 801 | 1 | |a RU |b 63413507 |c 20130213 | |
| 801 | 2 | |a RU |b 63413507 |c 20151117 |g RCR | |
| 856 | 4 | |u http://www.lib.tpu.ru/fulltext/c/2010/C01/V2/012.pdf | |
| 942 | |c CF | ||